000 00209nam a2200085Ia 4500
245 0 _aRefuge
100 _a WHITE, Gillian London, 2003
_995687
942 _cBK
008 210817s9999 xx 000 0 und d
999 _c399085
_d399084